Financial accounting and reporting
Guardat en:
| Autor principal: | |
|---|---|
| Format: | Llibre |
| Idioma: | anglès |
| Publicat: |
McGraw-Hill Education
2013
|
| Etiquetes: |
Afegir etiqueta
Sense etiquetes, Sigues el primer a etiquetar aquest registre!
|
MARC
| LEADER | 00000nam a22000007a 4500 | ||
|---|---|---|---|
| 008 | 210419b ||||| |||| 00| 0 eng d | ||
| 020 | |a 978-0077138363 | ||
| 100 | |a MCKEITH, John | ||
| 245 | |a Financial accounting and reporting |c John McKeith and Bill Collins. |g xix, 190p. | ||
| 250 | |b 2nd ed | ||
| 260 | |b McGraw-Hill Education |c 2013 |h Berkshire |i 689427 |l HF5635 .M19 |m Accounting. |m Financial statements | ||
| 942 | |a lcc |c BK |e ADEKANYE, I. H. |f 19/04/2021 | ||
| 952 | |0 0 |1 0 |2 lcc |4 0 |6 HF5635 M19 |7 0 |9 2189 |a HOL |b HOL |c GJ |d 2021-04-19 |l 0 |o HF5635 .M19 |p 2021-6043 |r 2021-04-19 00:00:00 |w 2021-04-19 |y BK | ||
| 999 | |c 1141 |d 1141 | ||